Cross-Currency Basis Spread and Its Impact on Corporate Lending Rates in the Czech Banking Sector

Skúmanie, do akej miery sa rozpätie krížovej meny EUR-CZK odráža v úrokových sadzbách podnikových úverov poskytovaných českými bankami. Niečo viac ako 50% zmien v základni prechádza do úrokových sadzieb z úverov. Väčšiu časť tohto prenosu možno zistiť v úrokových sadzbách úverov v EUR, ktoré sú vďak...

ver descrição completa

Na minha lista:
Detalhes bibliográficos
Autor principal: Staniek, Dušan
Formato: Capítulo de Livro
Idioma:inglês
Assuntos:
Tags: Adicionar Tag
Sem tags, seja o primeiro a adicionar uma tag!

MARC

LEADER 00000naa a2200000 4500
001 0270803
005 20201217135307.2
041 0 |a eng 
044 |a CZ 
245 1 0 |a Cross-Currency Basis Spread and Its Impact on Corporate Lending Rates in the Czech Banking Sector  |c Dušan Staniek 
520 |a Skúmanie, do akej miery sa rozpätie krížovej meny EUR-CZK odráža v úrokových sadzbách podnikových úverov poskytovaných českými bankami. Niečo viac ako 50% zmien v základni prechádza do úrokových sadzieb z úverov. Väčšiu časť tohto prenosu možno zistiť v úrokových sadzbách úverov v EUR, ktoré sú vďaka tomu vyššie. V prípade CZK by mala mať negatívna báza tendenciu znižovať úrokové sadzby z úverov. 
610 2 0 |a koruna 
610 2 0 |a mena 
610 2 0 |a euro 
610 2 0 |a sadzby úrokové 
100 1 |a Staniek, Dušan